MARC

LEADER 00000nam0a2200000 4500
001 374536
005 20231102012647.0
035 |a (RuTPU)RU\TPU\retro\31970 
035 |a RU\TPU\book\271994 
090 |a 374536 
100 |a 20221219d1967 k y0rusy50 ca 
101 1 |a rus  |c eng 
102 |a RU 
105 |a y z 001zy 
200 1 |a Общая теория квантовых полей  |e пер. с англ.  |f Р. Йост 
210 |a Москва  |c Мир  |d 1967 
215 |a 236 с. 
320 |a Библиогр.: с. 228-234. 
606 1 |a Квантовая теория поля  |2 stltpush  |3 (RuTPU)RU\TPU\subj\14222  |9 40678 
610 1 |a пространство-время 
610 1 |a группа Лоренца 
610 1 |a дифференциальные уравнения 
610 1 |a теория поля 
610 1 |a поле Дирака 
610 1 |a функции Вайтмана 
610 1 |a теоремы 
610 1 |a доказательства 
610 1 |a аксиоматика 
610 1 |a преобразования Лоренца 
675 |a 530.145  |v 3 
700 1 |a Йост  |b Р. 
801 1 |a RU  |b 63413507  |c 20140208 
801 2 |a RU  |b 63413507  |c 20221219  |g RCR 
942 |c BK